The Sports Connection, integrated simulation : Microsoft office /
This book is about: Getting organized; researching; Reporting; Managing routline tasks; Planning the Grand opening; Designing publicity pieces; Communicating; and Managing information.
Đã lưu trong:
| 主要作者: | |
|---|---|
| 其他作者: | |
| 格式: | 图书 |
| 语言: | English |
| 出版: |
Cincinnati, OH :
South-Western Educational,
1999.
|
| 主题: | |
| 标签: |
添加标签
没有标签, 成为第一个标记此记录!
|
| Thư viện lưu trữ: | Mạng thư viện Đại học Đà Nẵng |
|---|
| LEADER | 01351cam a2200397 i 4500 | ||
|---|---|---|---|
| 001 | 000048944 | ||
| 003 | 8670 | ||
| 005 | 20051111142026.0 | ||
| 008 | 010320b1999 vm 000 eng | ||
| 020 | |a 0538721081 | ||
| 040 | |a IRC |c IRC |d IRC | ||
| 041 | 0 | |a eng | |
| 082 | 1 | 4 | |a 658.002855369 |b VA-S |
| 100 | 1 | |a VanHuss, Susie H. | |
| 245 | 0 | 4 | |a The Sports Connection, integrated simulation : |b Microsoft office / |c Susie H. VanHuss, Connie Forde. |
| 260 | |a Cincinnati, OH : |b South-Western Educational, |c 1999. | ||
| 300 | |a ix, 129 p. : |b ill. ; |c 27.5cm. | ||
| 520 | 3 | |a This book is about: Getting organized; researching; Reporting; Managing routline tasks; Planning the Grand opening; Designing publicity pieces; Communicating; and Managing information. | |
| 630 | 0 | 4 | |a Microsoft Office. |
| 630 | 0 | 4 | |a Management. |
| 630 | 0 | 4 | |a Data processing. |
| 630 | 0 | 4 | |a Sports facilities. |
| 650 | 0 | 4 | |a Microsoft Office. |
| 650 | 0 | 4 | |a Sports facilities |z United States |x Management |x Computer simulation. |
| 650 | 0 | 4 | |a Sports facilities |z United States |x Management |x Data processing. |
| 700 | 1 | |a Forde, Connie. | |
| OWN | |a DUT | ||
| 999 | |a From the UDN01 | ||
| TYP | |a Monograph | ||
| TYP | |a Printed language | ||
| 980 | |a Mạng thư viện Đại học Đà Nẵng | ||


